Tennis - Les Français dans le Top 10 - Statistiques

Statistiques générales
  • Ce quiz a été pris 659 fois
  • Le résultat moyen est 7 sur 12
Statistiques - réponses
Meilleur Classement ATP Titres Classement ATP Actuel Joueur % Correct
6ème 12 54ème Gaël Monfils
97%
3ème 23 Retraite Yannick Noah
94%
5ème 18 Retraite Jo-Wilfried Tsonga
91%
7ème 16 118ème Richard Gasquet
87%
6ème 14 Retraite Gilles Simon
73%
10ème 5 273ème Lucas Pouille
56%
5ème 9 Retraite Henri Leconte
46%
4ème 11 Retraite Guy Forget
44%
4ème 4 Retraite Sébastien Grosjean
41%
5ème 5 Retraite Cédric Pioline
35%
10ème 5 Retraite Thierry Tulasne
8%
10ème 4 Retraite Arnaud Clément
5%
Aucun quiz correspondant
Distribution des résultats
% des personnes avec chaque résultat
Percentile par nombre de réponses
Votre historique - résultats
Vous n’avez pas pris ce quiz